000 002430000a22000970004500
100 1 _aWinter, Ralph D.
245 1 0 _aMy friend, Jim Emery
300 _aVol.21, núm.10 (October, 1999), Páginas 50-51
773 0 _tMission Frontiers
942 _cANA
999 _c60350
_d60350